| 000 | 00690nam a22002177a 4500 | ||
|---|---|---|---|
| 005 | 20170124110102.0 | ||
| 010 | _aB-091490 | ||
| 020 |
_c550.00 _a8181500067 |
||
| 035 | _aB-091490 | ||
| 037 | _bCen Lib/Ret | ||
| 040 |
_aDPL _bEN |
||
| 082 |
_a921 _bSAI |
||
| 100 |
_aSaint-Mandé, Wilfred _974338 |
||
| 245 |
_aWar, wine and women / _cby Wilfred Saint-Mandé |
||
| 260 |
_aNew Delhi _bAravali Book International _c2003 |
||
| 270 |
_bNew Delhi _aW-30, Okhla Industrial Area II _e110020 |
||
| 300 |
_a554p. _c20cm(Hb) |
||
| 650 |
_aWorld War, 1914-1918 -- Personal narratives, British _974339 |
||
| 650 |
_aWorld War, 1914-1918 _974340 |
||
| 942 |
_2ddc _cEN _h921 _mSAI |
||
| 999 |
_c129768 _d129768 |
||